| 000 | 00659nam a2200217Ia 4500 | ||
|---|---|---|---|
| 003 | IN-BaIIA | ||
| 008 | 211028s9999 xx 000 0 eng d | ||
| 040 | _cIIA Library | ||
| 080 |
_a523.31 _bKUI |
||
| 245 | 4 |
_aThe earth as a planet _cedited by Gerard P. Kuiper |
|
| 260 |
_aChicago _bUniversity of Chicago Press _c1954 |
||
| 300 | _axvii, 751p. | ||
| 490 | _aThe Solar System v. II | ||
| 500 | _aDonated by Mrs. Bappu | ||
| 650 | _aAstronomy and Astrophysics Thesaurus | ||
| 650 | _aEarth | ||
| 650 |
_aPlanetary System _9756 |
||
| 650 | _aSolar System | ||
| 700 |
_aKuiper, Gerard P., ed. _92858 |
||
| 942 | _cBK | ||
| 999 |
_c7456 _d7456 |
||